| 000 | 00757nam a2200229Ii 4500 | ||
|---|---|---|---|
| 003 | JO-AjNU | ||
| 008 | 230605s9999||||xx |||||||||||||| ||und|| | ||
| 017 | _a2010/6/1953 | ||
| 040 |
_aJO-AjNU _bara _erda _cJO-AjNU |
||
| 041 | _aara | ||
| 050 | 1 | 4 | _aTH435.A28 2014 |
| 100 | 3 |
_aابو عودة، حسين, _eauthor _951411 |
|
| 245 | 0 | 0 | _aحساب الكميات والمواصفات، ج2 |
| 250 | _aط1 | ||
| 264 | 3 | 1 | _aعمان:مكتبة المجتمع العربي ،2014 |
| 300 | _aج2، 216ص | ||
| 336 |
_atext _btxt _2rdacontent |
||
| 337 |
_aunmediated _bn _2rdamedia |
||
| 338 |
_avolume _bnc _2rdacarrier |
||
| 490 | 0 | _aسلسلة الهندسة المدنية 6 | |
| 650 | 4 |
_aالمباني-تقديرات-حساب الكميات _951412 |
|
| 999 |
_aA22706 _c26274 _d26274 |
||